000 00242nam a22001097a 4500
082 _a620.11 MOG'N
100 _aMCGONNAGLE, WARREN J
_958311
245 _aNONDESTRUCTIVE TESTING
260 _aNEWYORK
_bV
_c1961
300 _a455P
942 _cBK
999 _c568508
_d568508